[Event "Druzynowe Mistrzostwa Regionu KPZSzach 2"]
[Site "Kujawsko-pomorskie"]
[Date "2019.??.??"]
[Round "1.1"]
[White "Grochowalski, Pawel"]
[Black "Bieluszewski, Robert"]
[Result "1/2-1/2"]
[WhiteElo "2085"]
[BlackElo "1816"]
[PlyCount "134"]
[EventDate "2019.??.??"]

1. d4 d5 2. c4 Nf6 3. cxd5 Qxd5 4. Nc3 Qd8 5. e4 e6 6. Be3 Nbd7 7. Bc4 Bb4 8.
f3 O-O 9. Nge2 c5 10. O-O cxd4 11. Bxd4 e5 12. Bf2 Bc5 13. Rc1 Bxf2+ 14. Rxf2
Nb6 15. Bb3 Qe7 16. Ng3 a6 17. Rd2 Bd7 18. Qe1 g6 19. Qe3 Nc8 20. Rcd1 Na7 21.
Qg5 Bc8 22. h4 Kh8 23. Kf2 Nc6 24. Nge2 Na5 25. Bd5 Nxd5 26. Nxd5 Qxg5 27. hxg5
Be6 28. Nc7 Rac8 29. Nxe6 fxe6 30. Rd7 Rc2 31. Rh1 h5 32. Rc1 Rfc8 33. Rd8+
Rxd8 34. Rxc2 Nc6 35. Ke3 Kg7 36. a3 Kf7 37. Nc1 Ke7 38. Nd3 Kd6 39. Rd2 Ke7
40. b4 b6 41. Rc2 Kd6 42. Nb2 b5 43. Nd3 Ra8 44. Nc5 a5 45. Nb7+ Kd7 46. Rd2+
Kc7 47. Nc5 axb4 48. Nxe6+ Kb6 49. axb4 Nxb4 50. f4 Ra3+ 51. Kf2 Nd3+ 52. Rxd3
Rxd3 53. f5 Rd6 54. Nf8 Rd8 55. Ne6 Rd7 56. fxg6 b4 57. g7 Rxg7 58. Nxg7 b3 59.
Nf5 b2 60. g6 b1=Q 61. g7 Qxe4 62. g8=Q Qxf5+ 63. Kg1 e4 64. Qb3+ Kc6 65. Qa4+
Kd6 66. Qa6+ Ke5 67. Qb5+ Kf6 1/2-1/2

[Event "Druzynowe Mistrzostwa Regionu KPZSzach 2"]
[Site "Kujawsko-pomorskie"]
[Date "2019.??.??"]
[Round "1.2"]
[White "Bieluszewski, Lukasz"]
[Black "Kulinski, Krzysztof"]
[Result "1-0"]
[WhiteElo "1695"]
[BlackElo "1977"]
[PlyCount "55"]
[EventDate "2019.??.??"]

1. d4 d5 2. Nf3 Nf6 3. g3 e6 4. Bg2 c5 5. Nc3 Nc6 6. e3 Be7 7. O-O O-O 8. Re1
a6 9. a3 b5 10. dxc5 Bxc5 11. b4 Ba7 12. Bb2 Bb7 13. Ne2 Ne4 14. Nd2 f5 15.
Nxe4 fxe4 16. Nf4 Qe7 17. Bh3 Nd8 18. Qh5 Bb8 19. Rad1 Bxf4 20. gxf4 Rc8 21.
Rd2 Rc6 22. Kh1 Qf7 23. Qh4 Rc4 24. Rg1 g6 25. Bf1 Rc8 26. Bh3 Nc6 27. Qh6 Ne7
28. Bxe6 1-0

[Event "Druzynowe Mistrzostwa Regionu KPZSzach 2"]
[Site "Kujawsko-pomorskie"]
[Date "2019.??.??"]
[Round "1.3"]
[White "Cichocki, Konrad"]
[Black "Luchowski, Ferdynand"]
[Result "1-0"]
[WhiteElo "1811"]
[BlackElo "1549"]
[PlyCount "65"]
[EventDate "2019.??.??"]

1. d4 d5 2. Nf3 Nf6 3. g3 e6 4. Bg2 Be7 5. O-O O-O 6. c4 c6 7. Qc2 Na6 8. a3
Nc7 9. Rd1 Bd7 10. Nbd2 Re8 11. e4 Nxe4 12. Nxe4 dxe4 13. Qxe4 Bf6 14. Bf4 Bc8
15. Rac1 a6 16. Ne5 Bd7 17. Ng4 Bg5 18. Ne5 Bxf4 19. Qxf4 Rf8 20. d5 Qc8 21.
Nxd7 Qxd7 22. dxc6 Qe7 23. Rd7 Qc5 24. cxb7 Rab8 25. Rxc7 Qb6 26. b4 g6 27. c5
Qb5 28. Rxf7 Rxf7 29. Qxb8+ Rf8 30. Qxf8+ Kxf8 31. c6 Qg5 32. b8=Q+ Kg7 33. Qf4
1-0

[Event "Druzynowe Mistrzostwa Regionu KPZSzach 2"]
[Site "Kujawsko-pomorskie"]
[Date "2019.??.??"]
[Round "1.4"]
[White "Malinowski, Tomasz"]
[Black "Augustowski, Janusz"]
[Result "0-1"]
[WhiteElo "1624"]
[BlackElo "1740"]
[PlyCount "90"]
[EventDate "2019.??.??"]

1. d4 d5 2. c4 e6 3. Nc3 Nf6 4. Nf3 Be7 5. Bf4 c6 6. e3 O-O 7. Bd3 Nbd7 8. Qc2
dxc4 9. Bxc4 Nb6 10. Bb3 Nbd5 11. Bg3 Nh5 12. a3 Nxg3 13. hxg3 g6 14. e4 Nxc3
15. Qxc3 f6 16. Rd1 Kg7 17. Qd2 g5 18. e5 f5 19. Bc2 b6 20. Kf1 Bd7 21. g4 Be8
22. gxf5 exf5 23. Rh2 Bg6 24. g3 Rc8 25. Kg2 Qd5 26. Rdh1 g4 27. Rxh7+ Bxh7 28.
Qh6+ Kf7 29. Qxh7+ Ke8 30. Qg6+ Kd8 31. Rh5 gxf3+ 32. Kg1 Qxd4 33. Bxf5 Qd1+
34. Kh2 Qf1 35. Bh3 Qxf2+ 36. Kh1 Qe1+ 37. Kh2 f2 38. Qd3+ Kc7 39. Bf1 Rh8 40.
Rxh8 Rxh8+ 41. Kg2 Qxe5 42. Kxf2 Rf8+ 43. Kg1 Bc5+ 44. Kh2 Rh8+ 45. Bh3 Qxb2+
0-1

[Event "Druzynowe Mistrzostwa Regionu KPZSzach 2"]
[Site "Kujawsko-pomorskie"]
[Date "2019.??.??"]
[Round "1.6"]
[White "Darowicki, Mariusz"]
[Black "Straszewski, Tomasz"]
[Result "1-0"]
[WhiteElo "1950"]
[BlackElo "1682"]
[PlyCount "69"]
[EventDate "2019.??.??"]

1. d4 Nf6 2. c4 g6 3. Nf3 c5 4. d5 d6 5. Nc3 e6 6. e4 exd5 7. cxd5 Bg4 8. Qa4+
Bd7 9. Qb3 Qb6 10. Qc2 Bg7 11. Bd3 O-O 12. O-O Qa5 13. Bf4 Ne8 14. e5 Na6 15.
a3 Rc8 16. Bxa6 Qxa6 17. Bg5 Bf5 18. Qd2 f6 19. exf6 Nxf6 20. Rfe1 Rce8 21. Bh6
Ne4 22. Nxe4 Rxe4 23. Bxg7 Kxg7 24. Rxe4 Bxe4 25. Ng5 Bf5 26. Qe3 Qd3 27. Qe7+
Kh6 28. Qxf8+ Kxg5 29. Qxd6 Qb5 30. Qg3+ Kh6 31. Qh4+ Kg7 32. Re1 Qxb2 33. Re7+
Kf8 34. Re1 Qd2 35. Qf6+ 1-0

[Event "Druzynowe Mistrzostwa Regionu KPZSzach 2"]
[Site "Kujawsko-pomorskie"]
[Date "2019.??.??"]
[Round "1.7"]
[White "Kaminski, Mateusz"]
[Black "Zolnierowicz, Krzysztof"]
[Result "0-1"]
[WhiteElo "1432"]
[BlackElo "1987"]
[PlyCount "92"]
[EventDate "2019.??.??"]

1. e4 g6 2. d4 c5 3. Nf3 Bg7 4. Be3 Nf6 5. Nc3 Ng4 6. Bf4 cxd4 7. Nd5 e5 8. Bg3
d6 9. h3 Nf6 10. Nxf6+ Bxf6 11. Bd3 O-O 12. O-O Bg7 13. Nd2 f5 14. f4 fxe4 15.
Bxe4 d5 16. Bd3 e4 17. Be2 Nc6 18. Nb3 Bf5 19. Bf2 e3 20. Bg3 Nb4 21. Bd3 Nxd3
22. cxd3 Qe8 23. Qe2 Qb5 24. Rfd1 a5 25. Be1 a4 26. Nc1 Rac8 27. g4 Qc6 28. Bg3
Qd7 29. Re1 h5 30. gxh5 Bxh3 31. hxg6 Bg4 32. Qh2 Rf5 33. a3 Rh5 34. Qg2 Qf5
35. Rb1 Qxg6 36. Bh2 Rc2 37. Ne2 Rxh2 38. Kxh2 Qh5+ 39. Kg1 Bxe2 40. Rec1 Rxc1+
41. Rxc1 Bf3 42. Qh2 Qg6+ 43. Kf1 Qxd3+ 44. Kg1 Qg6+ 45. Kf1 d3 46. Rc8+ Bf8
0-1

[Event "Druzynowe Mistrzostwa Regionu KPZSzach 2"]
[Site "Kujawsko-pomorskie"]
[Date "2019.??.??"]
[Round "1.8"]
[White "Kaminski, Damian"]
[Black "Podlewski, Szymon"]
[Result "1-0"]
[WhiteElo "1839"]
[BlackElo "1540"]
[PlyCount "73"]
[EventDate "2019.??.??"]

1. d4 d5 2. Nf3 Nf6 3. Bg5 e6 4. Nbd2 Be7 5. e3 Bd7 6. Bd3 h6 7. Bh4 Nc6 8. c3
a6 9. Qc2 Nh5 10. Bg3 Nxg3 11. hxg3 Bf6 12. e4 dxe4 13. Nxe4 Be7 14. g4 g5 15.
Qd2 f6 16. Ng3 Kf7 17. Qc2 Qg8 18. O-O-O Bd6 19. Ne4 Ke7 20. Rhe1 Rf8 21. Nfd2
Bf4 22. Kb1 Bxd2 23. Rxd2 Rb8 24. Nc5 Nd8 25. Rde2 Bc8 26. Bf5 b6 27. Nxe6 Nxe6
28. Bxe6 Bxe6 29. d5 Kd7 30. Rxe6 Kc8 31. Qa4 Kb7 32. Qc6+ Ka7 33. d6 Qg6+ 34.
Ka1 Rh7 35. dxc7 Rxc7 36. Qxc7+ Rb7 37. Qd8 1-0

[Event "Druzynowe Mistrzostwa Regionu KPZSzach 2"]
[Site "Kujawsko-pomorskie"]
[Date "2019.??.??"]
[Round "1.9"]
[White "Bromirski, Gracjan"]
[Black "Szmidt, Przemyslaw"]
[Result "0-1"]
[WhiteElo "1347"]
[BlackElo "1860"]
[PlyCount "102"]
[EventDate "2019.??.??"]

1. e4 e6 2. d4 d5 3. e5 c5 4. c3 Qb6 5. Nf3 Nc6 6. a3 c4 7. g3 f6 8. Qe2 fxe5
9. Nxe5 Nxe5 10. Qxe5 Qd6 11. Qe2 Nf6 12. Bf4 Qc6 13. Be5 Be7 14. Bh3 O-O 15.
O-O Nd7 16. Bf4 Nf6 17. Re1 e5 18. Bxc8 exf4 19. Qe6+ Qxe6 20. Bxe6+ Kh8 21.
gxf4 Bd6 22. f5 Bf4 23. f3 Rae8 24. a4 Re7 25. Na3 Rfe8 26. h3 g6 27. Kf2 gxf5
28. Bxf5 Bg3+ 29. Kxg3 Rxe1 30. Rxe1 Rxe1 31. Nb5 Re2 32. Nxa7 Rxb2 33. Nb5 Ra2
34. Kf4 Rxa4 35. Ke5 Kg7 36. Nc7 Ra3 37. Nxd5 Nxd5 38. Kxd5 Rxc3 39. Be4 Rc1
40. Kc5 c3 41. Bxb7 c2 42. Be4 Rd1 43. Bxc2 Rc1 44. Kd6 Rxc2 45. d5 Kf6 46. Kd7
Ke5 47. f4+ Kxd5 48. Ke7 Ke4 49. Kf6 Kxf4 50. Kg7 Rc6 51. h4 h5 0-1

[Event "Druzynowe Mistrzostwa Regionu KPZSzach 2"]
[Site "Kujawsko-pomorskie"]
[Date "2019.??.??"]
[Round "1.10"]
[White "Kot, Ewelina"]
[Black "Borkowska, Zuzanna"]
[Result "1/2-1/2"]
[WhiteElo "1239"]
[BlackElo "1592"]
[PlyCount "66"]
[EventDate "2019.??.??"]

1. e4 c5 2. Nf3 Nc6 3. Bc4 e6 4. d3 a6 5. O-O Nf6 6. Nc3 Be7 7. Bf4 d5 8. exd5
exd5 9. Bb3 Na5 10. a3 Nxb3 11. cxb3 O-O 12. Re1 h6 13. h3 Be6 14. d4 b6 15.
Rc1 Rc8 16. Be3 Re8 17. Na4 Ne4 18. Nd2 cxd4 19. Bxd4 b5 20. Rxc8 Qxc8 21. Nc3
Nxd2 22. Qxd2 Bg5 23. Qe2 Re7 24. Qd1 Rb7 25. b4 Rc7 26. Bc5 Rd7 27. Ne2 Bf6
28. Nd4 Rc7 29. Qd2 Qd7 30. Qe3 Bxd4 31. Qxd4 Rc6 32. Re3 Bf5 33. Re7 Qd8
1/2-1/2

[Event "Druzynowe Mistrzostwa Regionu KPZSzach 2"]
[Site "Kujawsko-pomorskie"]
[Date "2019.??.17"]
[Round "1.11"]
[White "Wojcicki, Mateusz"]
[Black "Kacprzak, Karol"]
[Result "1/2-1/2"]
[WhiteElo "1825"]
[BlackElo "1868"]
[PlyCount "61"]
[EventDate "2019.??.??"]

1. d4 d5 2. c4 e6 3. Nc3 Nf6 4. Bg5 Be7 5. Nf3 O-O 6. e3 Nbd7 7. a3 h6 8. Bh4
dxc4 9. Bxc4 a6 10. O-O b5 11. Ba2 Bb7 12. Qc2 c5 13. dxc5 Nxc5 14. Rfd1 Qc7
15. Rac1 Rac8 16. Bb1 g5 17. Bg3 Qb6 18. Ne5 Nce4 19. Nd7 Nxd7 20. Rxd7 Rxc3
21. bxc3 Bxa3 22. Rcd1 Bc6 23. Bd6 Bxd6 24. R7xd6 Nf6 25. Rxe6 fxe6 26. Qg6+
Kh8 27. Qxh6+ Kg8 28. Qg6+ Kh8 29. Qh6+ Kg8 30. Qg6+ Kh8 31. Qh6+ 1/2-1/2

[Event "Druzynowe Mistrzostwa Regionu KPZSzach 2"]
[Site "Kujawsko-pomorskie"]
[Date "2019.??.??"]
[Round "1.12"]
[White "Kacprzak, Kacper"]
[Black "Jesse, Jacek"]
[Result "1-0"]
[WhiteElo "1845"]
[BlackElo "1965"]
[PlyCount "81"]
[EventDate "2019.??.??"]

1. e4 d5 2. exd5 Qxd5 3. Nc3 Qa5 4. d4 c6 5. h3 Nf6 6. Nf3 Bf5 7. Bd3 Bg6 8.
O-O e6 9. Bf4 Bb4 10. Ne5 O-O 11. Ne2 Nbd7 12. a3 Be7 13. b4 Qd8 14. Nxg6 hxg6
15. c4 Nb6 16. Qb3 Rc8 17. Rfd1 Qd7 18. Be5 Rfd8 19. a4 a6 20. Nc3 Qe8 21. Be2
Bf8 22. Bf3 Rd7 23. Rab1 Qe7 24. a5 Na8 25. Na4 Qd8 26. Nc5 Bxc5 27. dxc5 Ne8
28. Rxd7 Qxd7 29. Rd1 Qe7 30. Bd6 Qg5 31. b5 axb5 32. cxb5 Nxd6 33. cxd6 Rd8
34. a6 cxb5 35. Bxb7 Qc5 36. Bxa8 Rxa8 37. d7 Rd8 38. Qe3 Qxe3 39. fxe3 Kf8 40.
a7 Ke7 41. Kf2 1-0

[Event "Druzynowe Mistrzostwa Regionu KPZSzach 2"]
[Site "Kujawsko-pomorskie"]
[Date "2019.??.??"]
[Round "1.13"]
[White "Operman, Dariusz"]
[Black "Budnik, Mateusz"]
[Result "1/2-1/2"]
[WhiteElo "1417"]
[BlackElo "2072"]
[PlyCount "63"]
[EventDate "2019.??.??"]

1. e4 c5 2. d4 cxd4 3. c3 d5 4. exd5 Qxd5 5. cxd4 e6 6. Nc3 Qa5 7. Bb5+ Bd7 8.
Bxd7+ Nxd7 9. Nf3 Ngf6 10. O-O Bb4 11. Qb3 O-O 12. a3 Bxc3 13. bxc3 b5 14. Bb2
Nb6 15. Ne5 Rac8 16. Rfc1 Nc4 17. a4 Nxe5 18. dxe5 Ng4 19. axb5 Qb6 20. Rc2
Rfd8 21. c4 Qc5 22. Qg3 Nh6 23. h3 Nf5 24. Qg4 Rd3 25. Rd1 Rcd8 26. Rxd3 Rxd3
27. Qe4 Rd1+ 28. Kh2 h5 29. Qa8+ Kh7 30. Qf3 Rb1 31. Qxh5+ Kg8 32. Qe2 1/2-1/2

[Event "Druzynowe Mistrzostwa Regionu KPZSzach 2"]
[Site "Kujawsko-pomorskie"]
[Date "2019.??.??"]
[Round "1.14"]
[White "Olszewski, Marek"]
[Black "Theuss, Tomasz"]
[Result "1-0"]
[WhiteElo "2003"]
[BlackElo "1605"]
[PlyCount "141"]
[EventDate "2019.??.??"]

1. e4 e5 2. Nc3 d6 3. f4 Be7 4. Nf3 Nc6 5. Bb5 Bg4 6. O-O Nf6 7. fxe5 dxe5 8.
Bxc6+ bxc6 9. h3 Bxf3 10. Qxf3 O-O 11. d3 Rb8 12. Ne2 Ne8 13. b3 Qd6 14. Be3 a5
15. a4 Qg6 16. Kh1 Nd6 17. g4 Bg5 18. Bf2 Qh6 19. Be1 Ra8 20. Bc3 f6 21. Kg2
Bd2 22. Bb2 Qe3 23. Rad1 Qxf3+ 24. Rxf3 Bg5 25. Rh1 Bd2 26. Ng3 Bf4 27. Ne2 Bd2
28. Rhf1 Rf7 29. Rd1 Bg5 30. Bc3 Bh4 31. Bd2 Rd7 32. Rff1 Rf7 33. Ng1 h6 34.
Nf3 Bg5 35. Bc3 Be3 36. Bb2 Rd8 37. Nh4 Rfd7 38. Rde1 Bd2 39. Re2 Bb4 40. Bc1
Kh7 41. Be3 Bc3 42. Nf3 Bb4 43. Ref2 Bc3 44. Kg3 Nf7 45. h4 Rh8 46. Rg2 Kg6 47.
Bc1 Bb4 48. Ng1 Bc3 49. Ne2 Bd4 50. Bd2 Bb6 51. Nc3 Bd4 52. Ne2 Bb6 53. Kf3 Nd6
54. Ng3 Rdd8 55. Nf5 Kf7 56. Ke2 Nxf5 57. Rxf5 Ke7 58. g5 hxg5 59. hxg5 Rhg8
60. Rf3 Rdf8 61. Rh3 Rh8 62. gxf6+ gxf6 63. Rhg3 Rh7 64. Bc1 Ke6 65. Ba3 Rfh8
66. Rg7 c5 67. Rxh7 Rxh7 68. Kd2 Rf7 69. Kc3 Kd6 70. Rg6 Kc6 71. Kc4 1-0

[Event "Druzynowe Mistrzostwa Regionu KPZSzach 2"]
[Site "Kujawsko-pomorskie"]
[Date "2019.??.??"]
[Round "1.15"]
[White "Marszelska, Joanna"]
[Black "Dabrowska, Aleksandra"]
[Result "0-1"]
[WhiteElo "1419"]
[BlackElo "1550"]
[PlyCount "88"]
[EventDate "2019.??.??"]

1. e4 e5 2. Nf3 Nc6 3. d4 exd4 4. Nxd4 Bc5 5. Be3 Bb6 6. Nc3 Nf6 7. a3 O-O 8.
h3 Re8 9. Qd3 d5 10. O-O-O dxe4 11. Nxc6 Qxd3 12. cxd3 bxc6 13. Be2 Bxe3+ 14.
fxe3 exd3 15. Rxd3 Bf5 16. e4 Nxe4 17. Nxe4 Bxe4 18. Rd2 Bxg2 19. Rh2 Bd5 20.
Bg4 Re1+ 21. Bd1 Rae8 22. Rd3 Rg1 23. Rhd2 g6 24. b4 a6 25. Kb2 Ree1 26. Kc3
Kg7 27. a4 Re8 28. Bg4 h5 29. Be2 Rb1 30. Rd4 Re3+ 31. Bd3 Rxh3 32. Kc2 Ra1 33.
Bxa6 Rxa4 34. Bc8 Bb3+ 35. Kb2 Ra2+ 36. Kc1 Rh1+ 37. Rd1 Bxd1 38. Rxd1 Ra1+ 39.
Kc2 Raxd1 40. Ba6 Rd4 41. Kc3 Rg4 42. Bd3 Rh3 43. Kd2 Rxd3+ 44. Kxd3 h4 0-1

[Event "Druzynowe Mistrzostwa Regionu KPZSzach 2"]
[Site "Kujawsko-pomorskie"]
[Date "2019.??.??"]
[Round "1.16"]
[White "Krainski, Aleksander"]
[Black "Gryniakow, Jaroslaw"]
[Result "1/2-1/2"]
[WhiteElo "2109"]
[BlackElo "2138"]
[PlyCount "91"]
[EventDate "2019.??.??"]

1. d4 g6 2. Nf3 Bg7 3. e4 d6 4. Bd3 Nc6 5. d5 Nb8 6. c4 Nf6 7. Nc3 O-O 8. O-O
e5 9. b4 a5 10. bxa5 c5 11. Bd2 Rxa5 12. a4 Nbd7 13. Rb1 Ra6 14. Qc2 Nh5 15. g3
f6 16. Rb2 Rf7 17. Nh4 Bf8 18. Rfb1 Be7 19. Ng2 Qf8 20. Be2 Ng7 21. Bh6 f5 22.
f4 Nf6 23. Rf1 Qd8 24. fxe5 dxe5 25. Ne3 fxe4 26. Bxg7 Kxg7 27. Nxe4 Nxe4 28.
Rxf7+ Kxf7 29. Qxe4 h5 30. Bd3 Qd6 31. Rf2+ Kg7 32. Qf3 Qf6 33. Qe4 Qd6 34. Bc2
Bd7 35. Qf3 Qf6 36. Qd1 Qg5 37. Ng2 Qg4 38. Qb1 Qd4 39. Qxb7 Rf6 40. Nf4 Rxf4
41. gxf4 Bh4 42. Qxd7+ Kh6 43. Qh3 Qxf2+ 44. Kh1 Qe1+ 45. Kg2 Qf2+ 46. Kh1
1/2-1/2

[Event "Druzynowe Mistrzostwa Regionu KPZSzach 2"]
[Site "Kujawsko-pomorskie"]
[Date "2019.??.??"]
[Round "1.17"]
[White "Lewandowski, Marek"]
[Black "Krainski, Slawomir"]
[Result "1/2-1/2"]
[WhiteElo "1871"]
[BlackElo "2107"]
[PlyCount "105"]
[EventDate "2019.??.??"]

1. e4 e5 2. Nc3 Nf6 3. f4 d5 4. fxe5 Nxe4 5. Qf3 Nc6 6. Bb5 Nxc3 7. bxc3 Be7 8.
d4 Be6 9. Ne2 Qd7 10. O-O O-O 11. Bd3 Bg4 12. Qg3 f6 13. exf6 Rxf6 14. Rxf6
Bxf6 15. h3 Bxe2 16. Bxe2 Nxd4 17. Bd3 Re8 18. Qf2 Nc6 19. Bd2 Ne5 20. Bf5 Qc6
21. Rf1 Nc4 22. Bc1 Qb6 23. Qxb6 axb6 24. Bd7 Re2 25. Bg4 Re7 26. Bc8 c6 27.
Rf3 Re1+ 28. Rf1 Rxf1+ 29. Kxf1 Nd6 30. Be6+ Kf8 31. Bd2 Ke7 32. Bg8 Ne4 33.
Be3 Nxc3 34. Bxb6 h6 35. a3 Kd6 36. Ba5 Na4 37. Ke2 Bb2 38. Kd3 Bxa3 39. Bc3
Bb2 40. Bb4+ c5 41. Be1 b5 42. c3 Bc1 43. Bg3+ Kc6 44. Be5 g5 45. Bg7 h5 46. g3
b4 47. cxb4 cxb4 48. Bf7 Nc5+ 49. Kc2 Be3 50. Bxh5 b3+ 51. Kb2 Kb5 52. Be2+ Kc6
53. h4 1/2-1/2

[Event "Druzynowe Mistrzostwa Regionu KPZSzach 2"]
[Site "Kujawsko-pomorskie"]
[Date "2019.??.??"]
[Round "1.18"]
[White "Szczesniak, Andrzej"]
[Black "Bartosik, Piotr"]
[Result "1-0"]
[WhiteElo "1934"]
[BlackElo "1891"]
[PlyCount "24"]
[EventDate "2019.??.??"]

1. d4 Nf6 2. c4 e6 3. Nc3 Bb4 4. f3 c5 5. d5 O-O 6. e4 b5 7. Bd2 exd5 8. cxd5
a6 9. Nge2 d6 10. Ng3 h5 11. Bg5 Qe7 12. Nxh5 Qe5 {Dalszy zapis partii
nieczytelny.} 1-0

[Event "Druzynowe Mistrzostwa Regionu KPZSzach 2"]
[Site "Kujawsko-pomorskie"]
[Date "2019.??.??"]
[Round "1.19"]
[White "Papka, Sebastian"]
[Black "Laskowski, Filip"]
[Result "1/2-1/2"]
[WhiteElo "2136"]
[BlackElo "1902"]
[PlyCount "92"]
[EventDate "2019.??.??"]

1. d4 Nf6 2. c4 g6 3. Nc3 d5 4. cxd5 Nxd5 5. e4 Nxc3 6. bxc3 Bg7 7. Be3 c5 8.
Qd2 Qa5 9. Rc1 cxd4 10. cxd4 Qxd2+ 11. Bxd2 O-O 12. Nf3 e6 13. Bc4 Nc6 14. d5
exd5 15. Bxd5 Bd7 16. O-O Rac8 17. h3 b6 18. Rfd1 h6 19. Bf4 g5 20. Bd6 Rfd8
21. Ba3 Be8 22. Rd2 Ne5 23. Nxe5 Bxe5 24. Rdc2 Bd7 25. g4 Kg7 26. Rxc8 Rxc8 27.
Rxc8 Bxc8 28. Be7 Bd7 29. f3 Bb5 30. Kf2 Bd4+ 31. Ke1 Bc5 32. Bd8 Bd6 33. Kf2
f6 34. Bb3 Bc5+ 35. Kg2 Bd6 36. Kf2 Be8 37. Ke3 Be5 38. Be7 h5 39. Be6 h4 40.
Bc4 b5 41. Bd5 a5 42. Kd3 Bd7 43. Bc5 Be8 44. Bb6 a4 45. Bc5 Bd7 46. Bb4 Be8
1/2-1/2

[Event "Druzynowe Mistrzostwa Regionu KPZSzach 2"]
[Site "Kujawsko-pomorskie"]
[Date "2019.??.??"]
[Round "1.20"]
[White "Pacuszka, Wioletta"]
[Black "Mackiewicz, Anna"]
[Result "0-1"]
[WhiteElo "1743"]
[BlackElo "1857"]
[PlyCount "88"]
[EventDate "2019.??.??"]

1. e4 e6 2. d4 d5 3. exd5 exd5 4. Nf3 Bd6 5. Bd3 Nc6 6. c3 Bg4 7. O-O Nge7 8.
Bg5 f6 9. Bh4 Qd7 10. Nbd2 O-O-O 11. Qc2 h5 12. Bg3 h4 13. Bxd6 Qxd6 14. Rfe1
Qf4 15. b4 Bxf3 16. Nxf3 h3 17. b5 Qg4 18. Bf1 hxg2 19. Bxg2 Ng6 20. Re3 Nf4
21. Ne1 Na5 22. Kh1 Nxg2 23. Nxg2 Rh6 24. Rg3 Rdh8 25. h4 Qd7 26. Qe2 Kb8 27.
Qg4 Qxb5 28. Qxg7 a6 29. Qf7 Qb2 30. Rg8+ Rxg8 31. Qxg8+ Ka7 32. Rf1 Qe2 33.
Kg1 Qh5 34. Qg3 Rh7 35. Re1 Nc4 36. Qd3 Rg7 37. Kf1 Qg4 38. Ne3 Qxh4 39. Nxc4
dxc4 40. Qf3 Qh2 41. Re4 Qg1+ 42. Ke2 Qb1 43. a4 Qb2+ 44. Ke3 Qc1+ 0-1

[Event "Druzynowe Mistrzostwa Regionu KPZSzach 2"]
[Site "Kujawsko-pomorskie"]
[Date "2019.??.??"]
[Round "1.21"]
[White "Jablonski, Miroslaw"]
[Black "Wrzos, Waldemar"]
[Result "1-0"]
[WhiteElo "1830"]
[BlackElo "1611"]
[PlyCount "57"]
[EventDate "2019.??.??"]

1. d4 Nf6 2. c4 d5 3. cxd5 Qxd5 4. Nc3 Qa5 5. Nf3 c6 6. Qc2 Bg4 7. Ne5 Bh5 8.
e4 e6 9. Bd3 Nbd7 10. Nc4 Qc7 11. f3 Bg6 12. g3 Nh5 13. f4 h6 14. O-O Nhf6 15.
f5 Bh7 16. Bf4 Qd8 17. fxe6 fxe6 18. e5 Nb6 19. Bg6+ Ke7 20. exf6+ gxf6 21. Be5
Bg7 22. Nxb6 Qxb6 23. Bxh7 fxe5 24. Rf7+ Kxf7 25. Qg6+ Ke7 26. Qxg7+ Kd6 27.
Ne4+ Kd5 28. Qxe5+ Kc4 29. Nd2+ 1-0

[Event "Druzynowe Mistrzostwa Regionu KPZSzach 2"]
[Site "Kujawsko-pomorskie"]
[Date "2019.??.??"]
[Round "1.22"]
[White "Musial, Marian"]
[Black "Sivickis, Wiktoria"]
[Result "0-1"]
[WhiteElo "1526"]
[BlackElo "1727"]
[PlyCount "62"]
[EventDate "2019.??.??"]

1. e4 c5 2. f4 d6 3. Nf3 g6 4. c3 Nf6 5. e5 Nd5 6. g3 Bg7 7. Bc4 Nb6 8. Qb3
Nxc4 9. Qxc4 O-O 10. d4 cxd4 11. cxd4 Nc6 12. Nc3 Bg4 13. Kf2 Rc8 14. Qd3 Bxf3
15. Kxf3 dxe5 16. d5 Nd4+ 17. Kg2 Rxc3 18. bxc3 Qxd5+ 19. Kh3 Qxh1 20. cxd4 Qd5
21. Bb2 exd4 22. Rc1 Qd7+ 23. Kg2 Rc8 24. Re1 Qd5+ 25. Kg1 Qxa2 26. Re2 e6 27.
h4 Qc4 28. Qe4 d3 29. Bxg7 dxe2 30. Qxc4 Rxc4 31. Kf2 Kxg7 0-1

[Event "Druzynowe Mistrzostwa Regionu KPZSzach 2"]
[Site "Kujawsko-pomorskie"]
[Date "2019.??.??"]
[Round "1.23"]
[White "Maslowski, Jakub"]
[Black "Przybylski, Bartosz"]
[Result "1-0"]
[WhiteElo "1523"]
[BlackElo "1379"]
[PlyCount "51"]
[EventDate "2019.??.??"]

1. e4 e6 2. d4 d5 3. Nc3 Nf6 4. e5 Nfd7 5. f4 c5 6. Nf3 Qb6 7. Be3 Nc6 8. Qd2
a6 9. Be2 cxd4 10. Nxd4 Nxd4 11. Bxd4 Bc5 12. Na4 Qc6 13. Nxc5 Nxc5 14. Qc3 Nd7
15. Qg3 O-O 16. c3 f6 17. O-O Qc7 18. Qh3 Qc6 19. Kh1 fxe5 20. fxe5 Rxf1+ 21.
Rxf1 b6 22. Qh5 Bb7 23. Bd3 g6 24. Bxg6 Nf8 25. Rxf8+ Rxf8 26. Qxh7# 1-0

[Event "Druzynowe Mistrzostwa Regionu KPZSzach 2"]
[Site "Kujawsko-pomorskie"]
[Date "2019.??.??"]
[Round "1.24"]
[White "Wisniewski, Przemyslaw"]
[Black "Kozlinski, Marcin"]
[Result "1-0"]
[WhiteElo "1945"]
[BlackElo "1557"]
[PlyCount "99"]
[EventDate "2019.??.??"]

1. Nf3 d5 2. b3 c5 3. Bb2 Nf6 4. e3 Nc6 5. Bb5 Bd7 6. O-O e6 7. Bxc6 Bxc6 8.
Ne5 Be7 9. d3 Qc7 10. Nd2 O-O 11. f4 Nd7 12. Qg4 f5 13. Qg3 Bf6 14. Ndf3 Nxe5
15. Nxe5 Rad8 16. Rae1 Qa5 17. a4 Qd2 18. Qf2 Qb4 19. Ra1 Rc8 20. d4 b6 21. Bc1
cxd4 22. Ba3 Qc3 23. Bxf8 dxe3 24. Qe1 Qxe1 25. Raxe1 Kxf8 26. c3 g5 27. g3
gxf4 28. gxf4 b5 29. Rxe3 bxa4 30. bxa4 Rc7 31. Rb1 Bxa4 32. Rb8+ Ke7 33. Ra8
Kd6 34. Rf8 Ke7 35. Rf7+ Kd6 36. Rxf6 a5 37. Nf3 Bc2 38. Rfxe6+ Kc5 39. Ra6 Kb5
40. Ra8 Be4 41. Nd4+ Kb6 42. Rb8+ Ka6 43. Rh3 Ka7 44. Rb5 a4 45. Ra5+ Kb6 46.
Rxa4 Rg7+ 47. Rg3 Rc7 48. Rb4+ Ka5 49. Rg8 Rxc3 50. Rb5+ 1-0

[Event "Druzynowe Mistrzostwa Regionu KPZSzach 2"]
[Site "Kujawsko-pomorskie"]
[Date "2019.??.??"]
[Round "1.25"]
[White "Sivickis, Kornelia"]
[Black "Paprocka, Renata"]
[Result "0-1"]
[WhiteElo "1111"]
[BlackElo "1925"]
[PlyCount "104"]
[EventDate "2019.??.??"]

1. Nf3 d5 2. d4 Nf6 3. c4 e6 4. e3 c6 5. Be2 Be7 6. O-O O-O 7. Nbd2 Nbd7 8. b3
Re8 9. Bb2 b6 10. Rc1 Bb7 11. cxd5 exd5 12. Re1 Bd6 13. Bf1 Rc8 14. g3 Rc7 15.
Bg2 Ba6 16. Rc3 Bb4 17. Rc1 Bd3 18. a3 Bd6 19. Rc3 Bg6 20. Nh4 Bh5 21. Bf3 Bxf3
22. Nhxf3 Ne4 23. Nxe4 dxe4 24. Nd2 Nf6 25. Qc2 Qd7 26. Qd1 Qh3 27. f3 exf3 28.
Qxf3 Ng4 29. Qg2 Qh6 30. Nc4 Bf8 31. Qe2 Nf6 32. Bc1 Ne4 33. Rd3 Re6 34. Nd2
Rce7 35. Nxe4 Rxe4 36. Qf2 R7e6 37. d5 cxd5 38. Rxd5 Rd6 39. Rxd6 Bxd6 40. Qf3
Qe6 41. b4 Be7 42. Rd1 Bf6 43. Rd3 h6 44. Rd1 a6 45. Rd3 b5 46. Rd1 Kh7 47. Rf1
Rc4 48. Qd1 Qc6 49. Qd3+ Kg8 50. Qd1 Rc2 51. Qf3 Rxc1 52. Qxc6 Rxc6 0-1